000 00439nam a2200157Ia 4500
008 210423s2009 xx 000 0 und d
020 _a9781412956963
041 _aeng
082 _a302.23 ALLM
100 _aALLEN (Mike);others.
245 _aQuantitative research in communication.
260 _aNew Delhi
_bSage Publications
_c2009
300 _a242
_bPB
365 _b2072
_cINR
906 _acommunication. ; Quantitative ; research
999 _c158933
_d158933